| 000 | 00490nam a22001457a 4500 | ||
|---|---|---|---|
| 008 | 230322b |||||||| |||| 00| 0 eng d | ||
| 040 |
_aNational Science Library _cNational Science Library |
||
| 080 | _a658.3 | ||
| 245 |
_aPersonnel management selection and placement of personnel _c/ International Cooperation Administration |
||
| 260 |
_aWashington D C: _bInternational Cooperation Administration, |
||
| 300 | _a98p. | ||
| 650 | _aManagement | ||
| 653 | _aCommittee | ||
| 942 |
_2udc _cPR |
||
| 999 |
_c12226 _d12226 |
||